000 00391nam a22001697a 4500
005 20180625114424.0
008 160616b xxu||||| |||| 00| 0 eng d
020 _a81-203-2632-2
041 _aeng
082 _b7972
_a658
100 _aMurthy, and manimaran,
_94399
245 _aResource Management
260 _bPHI
_c2005
300 _a443
650 _aManagement
_9241
942 _cBK
999 _c2941
_d2940